[Event "Olympiad-36"]
[Site "Mallorca"]
[Date "2004.10.17"]
[Round "3"]
[White "Fedorov, Alexei"]
[Black "Shytaj, Luca"]
[Result "1-0"]
[WhiteElo "2619"]
[BlackElo "2356"]
[Annotator "Ftacnik,L"]
[PlyCount "61"]
[EventDate "2004.10.15"]
[EventType "team-swiss"]
[EventRounds "14"]
[EventCountry "ESP"]
[SourceTitle "CBM 104"]
[Source "ChessBase"]
[SourceDate "2005.01.27"]
[SourceVersion "1"]
[SourceVersionDate "2005.01.27"]
[SourceQuality "1"]
[WhiteTeam "Belarus"]
[BlackTeam "Albania"]
[WhiteTeamCountry "BLR"]
[BlackTeamCountry "ALB"]

1. e4 c5 2. Nf3 d6 3. d4 cxd4 4. Nxd4 Nf6 5. Nc3 a6 6. f3 e5 7. Nb3 Be6 8. Be3
Be7 9. Qd2 O-O 10. O-O-O b5 11. g4 b4 12. Nd5 Bxd5 13. exd5 a5 14. Kb1 Qc7 15.
Nc5 a4 16. g5 $1 $146 {White is trying to benefit from knight jump to c5 in
full extent, so the Black's piece is driven away.} (16. Ne4 Rc8 17. Nxf6+ Bxf6
18. g5 b3 19. cxb3 axb3 20. axb3 Bd8 21. Bh3 Nd7 22. Rc1 Qb7 23. Rxc8 Rxc8 24.
b4 {1-0 Klovans,J-Bekker Jensen,D/Gelsenkirchen 2000/ (56)}) 16... Nh5 (16...
dxc5 $2 17. d6 Bxd6 18. Qxd6 (18. gxf6 Rd8 19. fxg7 Nc6 $13) 18... Qxd6 19.
Rxd6 Ne8 20. Rd8 Nc7 21. Rxf8+ Kxf8 22. Bxc5+ $16) 17. Ne4 Na6 (17... b3 $5 18.
cxb3 axb3 19. a3 f5 20. gxf6 Nxf6 21. Rg1 Nbd7 $13) 18. Bb5 (18. Bxa6 Rxa6 19.
Qxb4 Rb8 20. Qd2 Nf4 $14) 18... Qa5 (18... b3 19. a3 f5 20. gxf6 Nxf6 21. c4
$16) 19. Bc6 Rab8 (19... Rac8 20. Ng3 $16) 20. Ng3 $1 {[%mdl 4] Fedorov is
demonstrating very efficient way of fighting against the blockading strength
of the knight on h5.} Nf4 (20... Nxg3 21. hxg3 Rfc8 22. Qh2 $18) 21. Nf5 (21.
Bxf4 exf4 22. Nf5 Bxg5 23. Rhg1 Qd8 24. Qg2 Bf6 25. Nxg7 Kh8 26. Nf5 $16) 21...
Bxg5 (21... Bd8 22. h4 Bb6 23. Nxd6 $18) 22. Rdg1 Bf6 (22... Qd8 23. Nxg7 b3
24. Bxf4 bxa2+ 25. Ka1 Bxf4 26. Ne6+ Kh8 27. Nxf4 exf4 28. Qd4+ $16) 23. Nxg7
$1 {Opening of the g file will prove decisive, Black has problems to start
counterplay on the other flank.} Kh8 (23... Bxg7 24. Bxf4 f6 (24... Kh8 25.
Rxg7 $18) 25. Bh6 Rf7 26. Bxg7 Rxg7 27. Rxg7+ Kxg7 28. Rg1+ $18) 24. Nf5 Qc7 (
24... a3 25. b3 Qc7 26. Bxf4 exf4 27. Qxf4 $18) 25. Rg4 b3 (25... Rg8 26. Rxg8+
Rxg8 27. Bxf4 exf4 28. Bxa4 $18) 26. cxb3 Nb4 (26... axb3 27. a3 Nc5 28. Rc1 (
28. Bxf4 exf4 29. Qxf4 Be5 30. Qh6 Rg8 31. Rh4 f6 32. f4 Bxb2 $132) 28... Rg8
29. Nxd6 Rxg4 30. fxg4 $18) 27. Bxf4 exf4 28. Rhg1 axb3 {Shytaj is coming with
his pieces, but it is already too late.} (28... Nxc6 29. dxc6 Qxc6 30. Nh6 Qe8
31. Qxd6 $18) 29. a3 Nc2 (29... Nxc6 30. dxc6 Qxc6 31. Nh6 Qc4 32. Qg2 $18) 30.
Qxf4 Qa7 (30... Be5 31. Qh6 $18) 31. Qh6 (31. Qh6 Be5 32. Qxh7+ Kxh7 33. Rh4#)
1-0

[Event "FIDE-Wch k.o."]
[Site "Moscow"]
[Date "2001.11.29"]
[Round "2.1"]
[White "Adams, Michael"]
[Black "Kobalia, Mihail"]
[Result "1-0"]
[WhiteElo "2731"]
[BlackElo "2603"]
[Annotator "Ftacnik,L"]
[PlyCount "79"]
[EventDate "2001.11.27"]
[EventType "k.o."]
[EventRounds "7"]
[EventCountry "RUS"]
[SourceTitle "CBM 086"]
[Source "ChessBase"]
[SourceDate "2002.02.05"]
[SourceVersion "1"]
[SourceVersionDate "2002.02.05"]
[SourceQuality "1"]

1. e4 c5 2. Nf3 d6 3. d4 cxd4 4. Nxd4 Nf6 5. Nc3 a6 6. Be3 e5 7. Nb3 Be6 8. f3
Be7 9. Qd2 O-O 10. O-O-O Nbd7 11. g4 Qc7 12. h4 b5 13. Nd5 (13. h5 Rfc8 (13...
b4 14. Nd5 Bxd5 15. exd5 Nb6 (15... a5 16. g5 a4 17. Na1 a3 18. Qxb4 Rfb8 19.
Bb5 Ra5 20. gxf6 Raxb5 21. Qxa3 Nxf6 22. Bg5 Nxd5 23. Bxe7 Qxe7 {0-1 Pavia
Miralles,J-San Segundo Carrillo,P/Barcelona 2000/ (36)}) 16. Bxb6 Qxb6 17. g5 (
17. Bd3 a5 18. g5 Nd7 19. Rdg1 a4 20. Bxh7+ Kxh7 21. g6+ Kg8 22. h6 axb3 23.
hxg7 Qxg1+ 24. Rxg1 bxa2 25. gxf7+ Kxf7 26. Qg2 a1=Q+ 27. Kd2 Qxg1 28. gxf8=Q+
Nxf8 29. Qxg1 Ra5 {0-1 Watson,W-Kuczynski,R/Germany 1995/ (38)}) 17... Nd7 (
17... Ne8 18. Kb1 f6 19. g6 h6 20. Bh3 a5 21. Rhe1 Nc7 22. Nd4 {1-0 Lanka,
Z-Raicevic,M/Trnava 1988/ (33)}) 18. Bh3 a5 19. Kb1 Nc5 20. Nxc5 Qxc5 21. g6 h6
22. gxf7+ Kxf7 23. f4 Bf6 {1/2-1/2 Kaminski,M-Kuczynski,R/Warsaw 1995/ (45)})
14. Qg2 Nb6 15. g5 Nfd7 16. g6 b4 17. Nd5 Nxd5 18. exd5 Bf5 19. Bd3 Bxd3 20.
Rxd3 a5 21. Kb1 a4 22. Nc1 {1-0 Kupreichik,V-Gavrikov,V/Minsk 1983/ (43)}) (13.
g5 Nh5 14. Qf2 (14. Bh3 Nb6 15. Bxb6 Qxb6 16. Ne2 {1/2-1/2 Svidler,P-Kuczynski,
R/Warszawa 1999/ (16)}) 14... b4 15. Nd5 Bxd5 16. exd5 a5 17. Kb1 a4 18. Nc1 f5
19. f4 exf4 20. Bxf4 a3 21. Be3 axb2 22. Kxb2 Nc5 23. Bxc5 dxc5 24. Bc4 Bd6 {
0-1 Teran Alvarez,I-Pablo Marin,A/Cala Galdana 2001/ (36)}) 13... Bxd5 14. exd5
Rfc8 15. Kb1 (15. g5 $2 Nxd5 $17) 15... Nb6 16. Bxb6 Qxb6 17. Qe1 a5 18. g5 Nh5
(18... Ne8 19. f4 $14) 19. a3 (19. Nd4 exd4 20. Qxe7 Ng3 21. Rh2 Nf5 22. Qd7
Ne3 $13) (19. Bh3 Rc7 20. Bg4 Nf4 $17) 19... Nf4 20. Rh2 Rc7 (20... a4 21. Nc1
b4 22. Qxb4 Qxb4 23. axb4 a3 24. Bd3 $14) 21. Nc1 Qb7 (21... Rc5 22. Nd3 Rxd5
23. Nxf4 Rxd1+ 24. Qxd1 exf4 25. Re2 Qb7 26. Re4 $11) 22. Rhd2 Rc5 {Black has
no problem from the opening, chances are equal.} 23. Nd3 Nxd3 (23... Rxd5 24.
Nxf4 Rxd2 25. Qxd2 (25. Rxd2 exf4 26. Bxb5 Bxg5 27. hxg5 Qxb5 28. Rxd6 Rb8 29.
Qc3 Qxg5 $17) 25... exf4 26. Qxf4 $11) 24. Bxd3 g6 (24... b4 25. a4 b3 26. c3
$14) 25. Rh2 Qd7 (25... Rxd5 26. h5 Bxg5 27. hxg6 hxg6 28. Rg2 Rxd3 29. Rxd3
Be7 $11) 26. Qe4 Rac8 27. Rdh1 (27. h5 Bxg5 28. hxg6 hxg6 29. Rdh1 Bf6 30. Rh7
Bg7 31. Qh4 Kf8 $11) 27... h5 $2 {[%mdl 256] Completely false decision,
Kobalija is opening the play against his own king in an unfortunate way.} (
27... f5 28. gxf6 Bxf6 29. Bf1 (29. h5 g5 $13) 29... R8c7 30. Bh3 Qe7 31. h5 g5
32. Be6+ Kh8 $13) 28. gxh6 f5 29. Qe1 $1 Kh7 (29... b4 30. Rg2 Kh7 31. Rxg6 $1
Kxg6 (31... bxa3 32. Qg3 $18) 32. Qg3+ Kh5 33. Rg1 Qe8 34. Bxf5 $18) 30. Rg2
Rg8 31. Qxa5 Rxd5 (31... Bd8 32. Qd2 Rxd5 33. h5 $18) 32. Bc4 $1 {This fine
geometrical trick wins the exchange and the game.} Bd8 (32... Qb7 33. Bxd5 Qxd5
34. Qc7 Qe6 35. Qb7 $18) 33. Qa8 bxc4 (33... Rc5 34. Bxg8+ Kxg8 35. Rxg6+ $18)
34. Qxd5 c3 35. Rhg1 Bf6 (35... Qe8 36. b4 $18) (35... cxb2 36. Qxg8+ $1 Kxg8
37. Rxg6+ Kh8 38. Rg8+ Kh7 39. R8g7+ $18) 36. b3 Qe7 37. a4 g5 (37... Qf8 38.
Qe6 Kxh6 39. h5 $18) 38. hxg5 Rxg5 39. Rxg5 Bxg5 40. f4 $1 (40. f4 $1 exf4 41.
Qxf5+ Kxh6 42. Rh1+ Bh4 43. Qg4 $18) 1-0

[Event "Moscow Aeroflot op-A"]
[Site "Moscow"]
[Date "2006.02.15"]
[Round "8"]
[White "Bologan, Viktor"]
[Black "Popov, Valerij"]
[Result "1-0"]
[WhiteElo "2661"]
[BlackElo "2592"]
[Annotator "Ftacnik,L"]
[PlyCount "70"]
[EventDate "2006.02.08"]
[EventType "swiss"]
[EventRounds "9"]
[EventCountry "RUS"]
[SourceTitle "CBM 112"]
[Source "ChessBase"]
[SourceDate "2006.06.07"]
[SourceVersion "1"]
[SourceVersionDate "2006.06.07"]
[SourceQuality "1"]

1. e4 c5 2. Nf3 d6 3. d4 cxd4 4. Nxd4 Nf6 5. Nc3 a6 6. Be3 e5 7. Nf3 Be7 8. Bc4
Be6 9. Bxe6 fxe6 10. Ng5 Qd7 11. Qf3 d5 12. exd5 exd5 13. O-O-O d4 14. Nce4 a5
{It doesn´t seem especially logical to advance the black a pawn in the moment,
when Popov has not yet finished his development.} (14... O-O 15. Bd2 Nxe4 (
15... Nc6 16. Nxf6+ Bxf6 (16... gxf6 17. Qb3+ Kh8 18. Nf7+ Kg7 19. Bh6+ Kg6 20.
Bxf8 Rxf8 21. Rd3 $18 {1-0 Anand,V (2420)-De Firmian,N (2490)/London 1986/ (33)
}) 17. Qb3+ Kh8 18. h4 b5 19. Ne4 b4 20. f3 a5 21. Qd3 Qe6 22. Kb1 a4 23. g4
Be7 $11 {0-1 Kudrin,S (2495)-De Firmian,N (2490)/Estes Park 1986/ (48)}) 16.
Qb3+ Kh8 17. Nxe4 Qc6 18. f3 Nd7 19. Kb1 b5 20. h4 a5 21. Qd3 Qc4 22. Bg5 Nf6
23. Rhe1 Rac8 24. c3 $16 {1-0 Short,N (2575)-Portisch,L (2625)/Montpellier
1985/ (30)}) 15. Bd2 a4 (15... O-O 16. h4) 16. Nxf6+ Bxf6 17. Qh5+ g6 (17...
Ke7 $2 18. Bb4+ $18) 18. Ne4 O-O {Black is refusing to be content with the
slight but lasting disadvantage in the endgame position after 18...gxh5!?} (
18... gxh5 $5 19. Nxf6+ Kf7 20. Nxd7 Nxd7 21. f4 Rhg8 22. g3 $14) 19. Nxf6+
Rxf6 20. Qxe5 Rxf2 21. Rhf1 Nc6 (21... Rxg2 22. Rf8+ $1 (22. Bh6 Nc6 23. Qc5
Ne7 24. Rxd4 $16) 22... Kxf8 23. Qh8+ Kf7 (23... Ke7 24. Bb4+ Ke6 25. Re1+ Kf5
26. Qf8+ Kg4 27. Re4+ Kh5 28. Qf3+ Rg4 29. Qh3+ Kg5 30. Be7+ $18)) 22. Qb5 Raf8
$2 {The defender felt the need to activate the second rook, but he is dropping
the important a4 pawn.} (22... Rxg2 $5 23. Bh6 Rc8 (23... Rxh2 24. Qxa4 Rc8 25.
Qb3+ Kh8 26. Bg5 h6 27. Rf7 $18) 24. Kb1 Kh8 $13) 23. Rxf2 Rxf2 24. Qxa4 Rxg2 (
24... Qd5 $1 25. h4 (25. Bh6 Kf7 26. Qa8 Rxc2+ (26... Qxg2 27. Re1 Re2 28.
Qxb7+ Ne7 29. Qb3+ $18) 27. Kb1 $1 (27. Kxc2 Nb4+ 28. Kd2 (28. Kb1 Qe4+ 29. Ka1
Nc2+ $19) 28... Qxg2+ 29. Ke1 Nc2#) 27... Qe4 28. Qxb7+ Ke6 29. Qb3+ Rc4+ 30.
Ka1 $14) 25... Qxg2 26. Qa8+ Rf8 27. Qxb7 $16) 25. Rf1 Kg7 (25... Qe7 26. Re1
Qd7 27. Bh6 Rf2 28. Qb3+ Rf7 29. Qxb7 $18) (25... Rxh2 26. Bg5 h6 27. Qa3 Qe8
28. Qb3+ Kg7 29. Bf6+ Kh7 30. Qxb7+ $18) 26. Qa3 $1 {Bologan plays the next
few moves in a great style and achieves completely winning position.} Qe7 (
26... Qc8 27. Qf3 Rxh2 28. Qf7+ Kh8 29. Bg5 Rxc2+ 30. Kb1 $1 $18) 27. Bh6+ $1
Kxh6 28. Qh3+ Kg7 29. Qxg2 d3 (29... Qe3+ 30. Qd2 Qe4 31. Qg5 $18) 30. cxd3 Nb4
31. Kb1 Nxd3 32. Qf3 {White has ended up with an extra exchange and easily
winning position.} Nc5 (32... Ne5 33. Re1 $18) 33. Qc3+ Kh6 (33... Kg8 34. Re1
Qd6 35. Qe3 $18) 34. Re1 Qh4 35. Qe3+ (35. Re3 $1 Ne4 36. Qd4 $18) 35... Kg7 (
35... Kg7 36. Qe7+ $18) 1-0

[Event "Moscow Aeroflot op-A"]
[Site "Moscow"]
[Date "2006.02.13"]
[Round "6"]
[White "Najer, Evgeniy"]
[Black "Popov, Valerij"]
[Result "1/2-1/2"]
[WhiteElo "2652"]
[BlackElo "2592"]
[Annotator "Ftacnik,L"]
[PlyCount "83"]
[EventDate "2006.02.08"]
[EventType "swiss"]
[EventRounds "9"]
[EventCountry "RUS"]
[SourceTitle "CBM 112"]
[Source "ChessBase"]
[SourceDate "2006.06.07"]
[SourceVersion "1"]
[SourceVersionDate "2006.06.07"]
[SourceQuality "1"]

1. e4 c5 2. Nf3 d6 3. d4 cxd4 4. Nxd4 Nf6 5. Nc3 a6 6. f3 e5 7. Nb3 Be6 8. Be3
Be7 9. Qd2 O-O 10. O-O-O Nbd7 11. g4 b5 12. g5 b4 13. Ne2 Ne8 14. f4 a5 15. f5
a4 16. Nbd4 exd4 17. Nxd4 b3 18. Kb1 bxc2+ 19. Nxc2 Bb3 20. axb3 axb3 21. Na3
Ne5 22. h4 Ra5 23. Qb4 Qa8 24. Bb6 Ra4 25. Qxb3 Qxe4+ {[%mdl 4] Very modern
and much discussed theoretical position, white must play well to keep his
advantage.} (25... Nd7 26. Nc2 (26. f6 gxf6 27. Bd4 Nc5 28. Qc2 $14) 26... Nxb6
27. Qxb6 Nf6 (27... Qxe4 28. Bd3 Qa8 29. Bb5 $1 Bd8 30. Qc6 Qxc6 31. Bxc6 $16)
28. Bb5 Rb8 29. Qc6 Qxc6 30. Bxc6 Rc4 31. Bd5 Nxd5 32. exd5 Bd8 {1/2 Zontakh,A
(2553)-Goloshchapov,A (2556)/Sochi 2006/ (42)}) 26. Nc2 Ra8 (26... Qxh1 27.
Qxa4 Qb7 28. Qa5 $16) 27. Qd5 Qxd5 28. Rxd5 Rb8 (28... f6 29. Bg2 Rb8 30. Be3
Nc7 31. Rd4 d5 $14) 29. Rb5 (29. Be3 Nc7 30. Rd4 d5 31. Bf4 f6 32. gxf6 Bxf6
33. Bg2 Rb7 34. Rb4 $14) 29... Bd8 (29... f6 30. Nd4 d5 31. Bg2 (31. Bc5 Rxb5
32. Bxe7 Rb7 33. Bxf8 Kxf8 34. Bg2 Nd3 35. b3 Nf4 $11) 31... Nd6 32. Rb3 (32.
Bxd5+ Kh8 33. Rb3 Ndc4 $17) (32. gxf6 gxf6 33. Rb3 Ndc4 $17) 32... Ne4 $15) 30.
Bxd8 Rxd8 31. Bg2 g6 {Two indian players were copying the example few weeks
later and black unsucessfully tried to improve with 31...Nc7.} (31... Nc7 32.
Rb7 Rc8 (32... Na6 33. b4 Rb8 34. Rd1 $16) 33. Rd1 Rfd8 34. Ne3 Kf8 35. Rc1 Ne8
36. Nd5 {1-0 Deepan Chakkravarthy,J (2428)-Arun Prasad,S (2384)/Visakhapatnam
2006/ (50)}) 32. f6 (32. Nd4 Ng7 (32... Rc8 33. f6 Rc4 34. Rd1 Nc7 35. Rb7 $16)
33. f6 Ne6 34. Nxe6 fxe6 35. Bh3 Rfe8 36. Rd1 $16) 32... Nc7 33. Rb6 (33. Rb7
Ne6 34. Rd1 Nf4 35. Bh1 h6 $132) 33... Rb8 $5 (33... Ne6 34. Ne3 Nf4 35. Bb7
Rb8 $13) 34. Rxb8 (34. Rxd6 Rxb2+ (34... Nb5 35. Rd2 Rfc8 36. b3 Rc3 37. Rhd1
Rxb3+ 38. Kc1 h5 39. Rd8+ Rxd8 40. Rxd8+ Kh7 41. Rb8 $14) 35. Kxb2 Nc4+ 36. Kb3
Nxd6 37. Nd4 Rb8+ $14) 34... Rxb8 35. Ka2 (35. Rd1 Ne6 (35... Nc4 36. Kc1 Nxb2
37. Rxd6 Ne6 38. Bd5 $16) 36. b4 $14) 35... h6 $1 {Popov needs a counterplay,
otherwise white b pawn could become too dangerous.} 36. gxh6 (36. Rd1 hxg5 37.
hxg5 Ne6 38. b4 Nxg5 39. Rxd6 Ng4 $11) 36... Ne8 (36... Kh7 37. b4 Kxh6 $11)
37. b4 (37. Rf1 Kh7 38. b4 Kxh6 $15) 37... Nxf6 38. Kb3 Kh7 39. Nd4 (39. Rd1
Ne8 40. Nd4 Kxh6 41. Nc6 $11) 39... Kxh6 40. Nc6 {The game is gravitating
towards draw.} Nxc6 (40... Rb6 41. Nxe5 dxe5 42. Kc4 $11) 41. Bxc6 Ng4 42. Rd1
(42. Rd1 Kh5 43. Rxd6 Ne5 44. Bd5 Kxh4 45. Bxf7 Nxf7 46. Rxg6 $11) 1/2-1/2

[Event "Petrov Memorial op"]
[Site "St Petersburg"]
[Date "2000.02.15"]
[Round "8"]
[White "Salinnikov, Denis Y"]
[Black "Loginov, Valery A"]
[Result "1-0"]
[WhiteElo "2403"]
[BlackElo "2512"]
[Annotator "Ftacnik,L"]
[PlyCount "81"]
[EventDate "2000.02.05"]
[EventType "swiss"]
[EventRounds "9"]
[EventCountry "RUS"]
[SourceTitle "CBM 076"]
[Source "ChessBase"]
[SourceDate "2000.05.31"]
[SourceVersion "1"]
[SourceVersionDate "2000.05.31"]
[SourceQuality "1"]

1. e4 c5 2. Nf3 d6 3. d4 cxd4 4. Nxd4 Nf6 5. Nc3 a6 6. f3 e5 7. Nb3 Be6 8. Be3
Be7 9. Qd2 O-O 10. O-O-O a5 11. Kb1 a4 12. Nc1 a3 (12... Ra5 13. Nd3 $6 (13.
Bb5 $1 a3 14. Nb3 Ra8 15. g4 $14) 13... a3 14. b3 Nc6 15. Na4 Rxa4 $1 16. bxa4
Qa8 17. Nb4 d5 $1 $44 {Santo Roman,M-Landenbergue,C/Belfort/1995/}) 13. b3 Qa5
(13... Ra5 14. Bc4 $1 Bxc4 15. bxc4 Qc8 16. Nb3 Ra6 17. Qe2 Rc6 18. Nb5 Rxc4 (
18... Qe6 19. Nxa3 Nbd7 20. c5 $1 dxc5 21. c4 Ra6 22. Nb5 $14) 19. Nxd6 Bxd6
20. Rxd6 {1-0 Bologan,V-Loginov,V/Moscow/1994/ (30)}) (13... Nc6 14. g4 Ra5 (
14... Nd4 15. Bxd4 exd4 16. Qxd4 Qa5 17. Nb5 d5 18. g5 Nh5 19. exd5 Bxd5 20.
Qxd5 Rfd8 21. Nd6 Rxd6 22. Qxa5 Rxa5 23. Rxd6 Bxd6 24. Bc4 Rxg5 {0-1 Melnikov,
D-Neverov,V/St Petersburg/2000/ (38)}) 15. g5 Ne8 16. Nd5 Bxd5 17. exd5 Nd4 18.
Bxd4 exd4 19. f4 Rxd5 20. Bc4 Rc5 21. Qxd4 Nc7 22. Nd3 Rf5 23. Qe4 g6 24. Qxb7
{1-0 Tolnai,T-Hillarp Persson,T/Budapest/1996/ (40)}) 14. g4 d5 $6 {The line
is very risky for white, since black pawn on a3 stands for great bonus in any
counterplay. Black's mistake is to start counterplay that changes queens, but
leaves him vulnerable in a difficult endgame.} (14... Rc8 $5 15. N1e2 d5 16.
exd5 Nxd5 17. Nxd5 Bxd5 18. Bg2 (18. Qxd5 Rd8 $17) 18... Bc6 $11) 15. Nxd5 Nxd5
16. exd5 Bxd5 17. Qxd5 (17. b4 Bxa2+ 18. Nxa2 Qa4 19. Qd5 $18) 17... Qc3 18.
Nd3 Rc8 (18... Rd8 19. Bd2 Qxc2+ 20. Kxc2 Rxd5 21. Bg2 $18) 19. Rc1 Bf6 (19...
Rd8 20. Qxe5 Rxd3 21. Qxc3 Rxc3 22. Bd4 $16) 20. Qe4 (20. g5 $2 e4 21. gxf6
exd3 22. Qd4 dxc2+ $19) 20... Rd8 (20... Nc6 21. h4 Rd8 22. Rh2 $18) 21. Qc4 (
21. Re1 Rxd3 22. Bc1 Rd4 23. Qe3 $14) 21... Rxd3 22. Qxc3 Rxc3 23. Bd3 {
[%mdl 2048] White's bishop pair can do wonders in an open position, on top of
it a3 pawn could become very bulnerable in many endgames.} Nc6 (23... Nd7 24.
Rcd1 Rd8 25. Bd2 $14) 24. Bd2 Rc5 25. Be4 Rd8 26. Rhd1 Kf8 $6 (26... b5 27. Be1
$14) 27. c4 $1 Ke8 (27... Rxd2 $2 28. Rxd2 Bg5 29. Rd5 Rxd5 30. cxd5 $18) 28.
b4 Rxd2 29. Rxd2 (29. bxc5 $2 Rb2+ 30. Ka1 Nb4 $11) 29... Nxb4 30. Rc3 b5 (
30... Ra5 31. Rb3 $18) 31. Rxa3 Bg5 (31... bxc4 32. Ra8+ Ke7 33. Ra7+ Ke8 34.
Rb2 $18) 32. Ra8+ Ke7 33. Ra7+ Ke8 34. Rdd7 bxc4 (34... Rxc4 35. Rxf7 $18) 35.
Rdc7 Rb5 (35... Rxc7 36. Rxc7 $18) 36. a4 Rb8 37. Rab7 $1 {Exchanging black
rook removes the best attacker and also defender in the position.} Rxb7 38.
Rxb7 Bd2 39. a5 c3 40. Bc2 Nc6 (40... Na6 41. Bxh7 $18) 41. Ba4 1-0

[Event "Asia-ch 5th"]
[Site "Hyderabad"]
[Date "2005.10.10"]
[Round "5"]
[White "Rohit, Gogineni"]
[Black "Saravanan, Venkat"]
[Result "1-0"]
[WhiteElo "2401"]
[BlackElo "2347"]
[Annotator "Ftacnik,L"]
[PlyCount "57"]
[EventDate "2005.10.05"]
[EventType "swiss"]
[EventRounds "9"]
[EventCountry "IND"]
[SourceTitle "CBM 110"]
[Source "ChessBase"]
[SourceDate "2006.01.31"]
[SourceVersion "1"]
[SourceVersionDate "2006.01.31"]
[SourceQuality "1"]

1. e4 c5 2. Nf3 d6 3. d4 cxd4 4. Nxd4 Nf6 5. Nc3 a6 6. Be3 e5 7. Nb3 Be7 8. f3
Be6 9. Qd2 O-O 10. O-O-O Nbd7 11. g4 Qc7 12. Kb1 b5 13. g5 Nh5 14. Qf2 Rfb8 15.
f4 exf4 16. Bxf4 {The motive with advance of the f3 pawn is ever more frequent
in the positions with black knight on h5, white is able to make progress with
his attack.} (16. Bd4 Bxg5 17. Rg1 Be7 18. Be2 Nhf6 19. Qxf4 Ne5 20. Rdf1 Rc8
21. Qg3 g6 22. Nc5 b4 23. Nd5 Nxd5 24. exd5 Bxd5 25. h4 Bf8 {0-1 Lanin,
A-Pigusov,E/Togliatti 2003/ (34)}) 16... Nxf4 17. Qxf4 Nb6 $2 {Saravanan is
reacting with afalse manouver, the knight on e5 would significantly slow down
white's attack.} (17... Ne5 $1 18. Nd5 Bxd5 19. exd5 a5 20. Nd4 b4 21. Nc6 $14)
18. h4 b4 (18... Rd8 19. Nd5 Bxd5 20. exd5 a5 21. Bd3 a4 22. Nd4 $16) 19. Nd5
Bxd5 (19... Nxd5 20. exd5 Bd7 21. h5 Rf8 22. Bd3 Bb5 23. Be4 Bd7 24. Nd4 $16)
20. exd5 a5 21. Bd3 a4 22. Nd4 a3 $2 {[%mdl 128] This form of attack will
prove to be too slow, all black pieces are far away from the poor king.} (22...
b3 $1 23. Rdf1 Bf8 24. cxb3 axb3 25. a3 $16) 23. Bxh7+ $1 (23. h5 Bf8 24. Qe4
g6 25. hxg6 fxg6 (25... hxg6 26. Ne6 $1 fxe6 27. Qxe6+ Qf7 28. Rh8+ $18) 26.
Qe6+ Qf7 27. Bxg6 Qxe6 28. Bxh7+ Kh8 29. dxe6 $18) 23... Kxh7 24. Qxf7 Nxd5 (
24... Bd8 25. g6+ Kh6 26. Nf5+ Kh5 27. Ng3+ Kh6 28. Qf4+ Kxg6 29. Qf5+ Kh6 30.
Qh5#) (24... Rf8 25. Qh5+ Kg8 26. g6 $18) (24... axb2 25. Ne6 $18) 25. Qxd5 {
Rohit can be satisfied, not only is his attack meeting feeble resistance, but
he even has extra pawn.} (25. Ne6 $2 Nc3+ $1 26. bxc3 (26. Kc1 axb2+ 27. Kd2
Ne4+ 28. Ke3 Ra3+ $19) 26... Qxc3 27. Kc1 b3 $19) 25... Ra5 26. Qe4+ Kh8 (26...
Kg8 27. Nc6 $18) 27. Ne6 (27. Nc6 d5 28. Qg6 $18) 27... Qb7 (27... Qd7 28. Qg6
Bf8 29. h5 Qe8 30. Rdf1 $18) 28. Qg6 Bf8 29. Rhf1 {White will simply pile
along the f file and the defender is helpless.} (29. Rhf1 Qc8 30. Rf7 Qe8 31.
Rdf1 $18) 1-0